[Event "Bangalore op 1st"]
[Site "Bangalore"]
[Date "2024.01.19"]
[Round "2"]
[White "Bhosale, Shriraj"]
[Black "Sahoo, Utkal Ranjan"]
[Result "1/2-1/2"]
[WhiteElo "1946"]
[BlackElo "2316"]
[PlyCount "180"]
[EventDate "2024.01.18"]
[EventType "swiss"]
[EventRounds "10"]
[EventCountry "IND"]
[SourceTitle "CB05_2024"]
[SourceDate "2024.01.31"]
[SourceVersion "1"]
[SourceVersionDate "2024.01.31"]
[SourceQuality "1"]

1. Nf3 f5 2. g3 Nf6 3. Bg2 g6 4. 0-0 Bg7 5. d3 0-0 6. e4 e6 7. e5 Ng4 8. d4 d6 9. Bg5 Qe8 10. Qc1 dxe5 11. h3 e4 12. hxg4 exf3 13. Bxf3 Bxd4 14. Bh6 Rf7 15. c3 Bh8 16. gxf5 Rxf5 17. Bg4 Rf7 18. Qe3 Nc6 19. Nd2 e5 20. Bf3 Ne7 21. g4 Be6 22. c4 Qc8 23. Qe2 Nc6 24. Bxc6 bxc6 25. f3 Qd8 26. Kg2 Qd4 27. b3 Rd8 28. Ne4 Qd3 29. Qxd3 Rxd3 30. Nc5 Rd6 31. Rad1 Bc8 32. Ne4 Rdd7 33. Nc5 Rxd1 34. Rxd1 Bg7 35. Be3 a6 36. g5 Rf8 37. b4 Re8 38. Kg3 Kf7 39. Rh1 Rh8 40. Nb3 Be6 41. Na5 Bd7 42. Nb3 Bf8 43. Bc5 Bd6 44. a3 Ke6 45. Be3 Kf5 46. Nd2 Be7 47. Ne4 Be6 48. Rc1 Rd8 49. Kf2 Bg8 50. Ng3+ Ke6 51. Rc3 Ra8 52. Ne4 Bf7 53. Bc1 Rb8 54. Re3 Kd7 55. Nf6+ Bxf6 56. gxf6 Bxc4 57. Rxe5 Re8 58. Rxe8 Kxe8 59. a4 Kf7 60. Bg5 Ke6 61. Kg3 Kf5 62. Kh4 h5 63. a5 c5 64. bxc5 c6 65. f4 Bf7 66. Kg3 Ke6 67. Bh6 Kd5 68. Bf8 Kc4 69. Kh4 Kb5 70. Kg5 Kxa5 71. Kh6 h4 72. Kg7 Bd5 73. Bd6 h3 74. f5 gxf5 75. f7 Bxf7 76. Kxf7 Kb5 77. Ke6 f4 78. Bxf4 Kxc5 79. Kf5 Kd4 80. Kg4 c5 81. Kxh3 c4 82. Kg2 Kd3 83. Kf2 a5 84. Ke1 Kc2 85. Bd6 a4 86. Ke2 c3 87. Ke3 Kb2 88. Kd3 c2 89. Ba3+ Kxa3 90. Kxc2 Kb4 1/2-1/2

[Event "Chennai op 14th"]
[Site "Chennai"]
[Date "2024.01.07"]
[Round "10"]
[White "Bhosale, Shriraj"]
[Black "Shahil, Dey"]
[Result "0-1"]
[WhiteElo "1946"]
[BlackElo "2368"]
[PlyCount "140"]
[EventDate "2023.12.31"]
[EventType "swiss"]
[EventRounds "10"]
[EventCountry "IND"]
[SourceTitle "CB02_2024"]
[SourceDate "2024.01.10"]
[SourceVersion "1"]
[SourceVersionDate "2024.01.10"]
[SourceQuality "1"]

1. Nf3 e6 2. g3 Nf6 3. Bg2 d5 4. 0-0 Be7 5. d3 0-0 6. Nbd2 a5 7. Re1 a4 8. c3 c5 9. e4 Nc6 10. e5 Nd7 11. Nf1 b5 12. h4 f6 13. d4 fxe5 14. dxe5 c4 15. Bf4 Nc5 16. Re3 b4 17. Bh3 a3 18. bxa3 bxc3 19. Rxc3 Ne4 20. Re3 h6 21. h5 Bc5 22. Rxe4 dxe4 23. N3d2 Bd4 24. Rc1 Bxe5 25. Be3 c3 26. Nxe4 Nd4 27. Qg4 Nf5 28. Bc5 Rf7 29. Nxc3 Bb7 30. Ne4 Rc8 31. Rd1 Rd7 32. Bb6 Qe8 33. Re1 Rf7 34. a4 Kh8 35. a5 Re7 36. Bg2 Qb5 37. Nfd2 Qb4 38. Rb1 Qa3 39. Qg6 Rc1+ 40. Rxc1 Qxc1+ 41. Kh2 Qc6 42. Bf3 Nh4 43. Qg4 Nxf3+ 44. Qxf3 Kg8 45. Qe3 Rd7 46. Qc5 Bd4 47. Qxc6 Bxc6 48. f3 Bxb6 49. axb6 Bxe4 50. Nxe4 Rb7 51. Kh3 Rxb6 52. f4 e5 53. fxe5 Re6 54. Nf2 Rxe5 55. Kh4 Re2 56. Nd3 Rxa2 57. Nf4 Kf7 58. Ng6 Kf6 59. g4 Ra4 60. Nf8 Rd4 61. Ng6 Re4 62. Nf8 Re1 63. Nh7+ Ke5 64. Kg3 Rf1 65. Kg2 Rf7 66. Kg3 Ke4 67. Kh4 Kf4 68. Kh3 Kf3 69. g5 Kf4 70. Kh4 Rf5 0-1

[Event "Hyderabad Singh Ji Memorial"]
[Site "Hyderabad"]
[Date "2023.01.13"]
[Round "7"]
[White "Bhosale, Shriraj"]
[Black "Mrithyunjay, Mahadevan"]
[Result "1/2-1/2"]
[WhiteElo "1961"]
[BlackElo "1645"]
[PlyCount "76"]
[EventDate "2023.01.10"]
[EventType "swiss"]
[EventRounds "9"]
[EventCountry "IND"]
[SourceTitle "CBM 212 Extra"]
[Source "ChessBase"]
[SourceDate "2023.03.31"]
[SourceVersion "1"]
[SourceVersionDate "2023.03.31"]
[SourceQuality "1"]

1. d4 Nf6 2. Nf3 g6 3. c4 Bg7 4. Nc3 d5 5. Bg5 Ne4 6. cxd5 Nxg5 7. Nxg5 e6 8. Qd2 exd5 9. Qe3+ Kf8 10. Qf4 Bf5 11. g4 h6 12. Nxf7 Kxf7 13. gxf5 g5 14. Qf3 Bxd4 15. Bg2 c6 16. 0-0 Bg7 17. Rad1 Rf8 18. Qh5+ Kg8 19. Nxd5 Nd7 20. Ne3 Nf6 21. Rxd8 Nxh5 22. Rxa8 Rxa8 23. Rd1 Nf4 24. Rd2 Kf8 25. Nc4 Ke7 26. e3 Nxg2 27. Kxg2 b5 28. Na5 Rc8 29. Kf3 c5 30. Nb3 c4 31. Nd4 Rc5 32. Kg4 Rd5 33. Nc6+ Kd6 34. Rxd5+ Kxd5 35. Nd4 b4 36. Kf3 g4+ 37. Ke2 h5 38. b3 c3 1/2-1/2

[Event "Madurai Athens of the East op 2nd"]
[Site "Madurai"]
[Date "2022.07.02"]
[Round "7"]
[White "Bhosale, Shriraj"]
[Black "Saravana, Krishnan P"]
[Result "0-1"]
[WhiteElo "1984"]
[BlackElo "2270"]
[PlyCount "118"]
[EventDate "2022.06.28"]
[EventType "swiss"]
[EventRounds "10"]
[EventCountry "IND"]
[SourceTitle "EXT 2023"]
[Source "ChessBase"]
[SourceDate "2022.10.05"]
[SourceVersion "1"]
[SourceVersionDate "2022.10.05"]
[SourceQuality "1"]

1. d4 Nf6 2. Nf3 c5 3. c3 Qc7 4. Bg5 Ne4 5. Bh4 cxd4 6. Qxd4 Nf6 7. e4 Nc6 8. Qa4 e6 9. Nbd2 d6 10. Bd3 Be7 11. 0-0 0-0 12. Rad1 Nh5 13. Bxe7 Qxe7 14. Rfe1 e5 15. Bf1 Bg4 16. h3 Be6 17. Nc4 Rad8 18. Qa3 Bxc4 19. Bxc4 Kh8 20. g3 Qd7 21. Ng5 h6 22. Nxf7+ Rxf7 23. Bxf7 Qxf7 24. Rxd6 Rf8 25. Rd2 Nf6 26. Qc5 Rc8 27. b3 Qe6 28. Kg2 b6 29. Qe3 Nd8 30. f4 Nf7 31. Kh2 Qc6 32. c4 Re8 33. Rde2 exf4 34. Qxf4 Re5 35. Rd1 Qe6 36. h4 g5 37. hxg5 hxg5 38. Qf3 Kg7 39. Rd4 g4 40. Qf4 Ng5 41. Kg2 Qe7 42. b4 Nf3 43. Rd1 Qxb4 44. Rd7+ Nxd7 45. Qxg4+ Ng5 46. Qxd7+ Qe7 47. Qxe7+ Rxe7 48. e5 Nf7 49. e6 Ng5 50. g4 Nxe6 51. Kg3 Kf6 52. Rf2+ Ke5 53. Re2+ Kd6 54. Rd2+ Kc5 55. Re2 Kxc4 56. g5 Kd5 57. Kg4 Rg7 58. Kf5 Rxg5+ 59. Kf6 Rf5+ 0-1

[Event "Madurai Athens of the East op 2nd"]
[Site "Madurai"]
[Date "2022.06.29"]
[Round "2"]
[White "Bhosale, Shriraj"]
[Black "Savchenko, Boris"]
[Result "0-1"]
[WhiteElo "1984"]
[BlackElo "2524"]
[PlyCount "76"]
[EventDate "2022.06.28"]
[EventType "swiss"]
[EventRounds "10"]
[EventCountry "IND"]
[SourceTitle "EXT 2023"]
[Source "ChessBase"]
[SourceDate "2022.10.05"]
[SourceVersion "1"]
[SourceVersionDate "2022.10.05"]
[SourceQuality "1"]

1. d4 e6 2. Nf3 c5 3. c3 Nf6 4. e3 d5 5. Nbd2 b6 6. Bb5+ Nbd7 7. e4 dxe4 8. Bc6 exf3 9. Bxa8 fxg2 10. Bxg2 cxd4 11. cxd4 Qc7 12. 0-0 Bd6 13. Nf3 Ba6 14. Re1 0-0 15. Bg5 Ng4 16. Ne5 Ndxe5 17. dxe5 Nxe5 18. Rc1 Qb8 19. Re3 Ng6 20. Qa4 Bxh2+ 21. Kh1 Bc8 22. Qc6 h6 23. Rh3 Bf4 24. Bxf4 Nxf4 25. Rhc3 Ba6 26. Qa4 Bb7 27. Bxb7 Qxb7+ 28. Qc6 Qe7 29. Qf3 Qh4+ 30. Kg1 Qg5+ 31. Kh1 e5 32. Rc8 Rxc8 33. Rxc8+ Kh7 34. Rc7 f5 35. Rd7 e4 36. Qg3 Qh5+ 37. Qh2 Qf3+ 38. Kg1 e3 0-1